LEADER 01127nam a2200241 i 4500 001 000000202378 003 CaOOAMICUS 005 20110523000000.0 008 110523s1956 it u000 u ita u 013 $a181086 040 $aSeMil$bita 245 13$aIl processo alla "Muti" /$ca cura di Luigi Pestalozza ; Prefazione di Ferruccio Parri. 260 $aMilano :$bFeltrinelli,$c1956. 300 $aXXIV, 122 p. ;$c18 cm. 490 0 $aUniversale economica ;$v211. Serie Documenti 650 4$aRepubblica sociale italiana <1943-1945> - Guardia nazionale Repubblicana - Brigata Ettore Muti - Processo.$0(OLS)http://semarc/subject/38054 700 1 $aParri, Ferruccio,$d<1890-1981>.$0(OLS)http://semarc/name/16247 700 1 $aPestalozza, Luigi.$0(OLS)http://semarc/name/15155 830 0$aUniversale economica ;$v211. Serie Documenti.$0(OLS)http://semarc/title/11224 850 $aSeMil 852 $aSeMil$W1$xVenegono$y1$m3U I 115$j152901$B152901$CSeMilBibl$Z2$F163920 $81 996 $6245$aIl processo alla "Muti"$9(OLS)http://semarc/title/292979 996 $6260$aMilano :$bFeltrinelli$9(OLS)http://semarc/publisher/30237 LEADER 01007nam a2200217 i 4500 001 000000126454 003 CaOOAMICUS 005 20040519000000.0 008 040519s1904 it u000 u ita u 013 $a99160 040 $aSeMil$bita 245 12$aL'Arte Romanica. 300 $aXXIX, 1014 p. :$bcon 900 incisioni in fototipografia. 500 $aVolume mutilo di pp. 227-237, 239-241, 477-485, 487-491, 559-560, 563-564, 567-570, 573-574, 643-645, 921-922, 941-942, 965-966. - In occhietto : Dono di S.E. il Card. Ferrari. 650 4$aArte romanica - Italia.$0(OLS)http://semarc/subject/2534 700 1 $aVenturi, Adolfo,$d<1856-1941>.$0(OLS)http://semarc/name/5590 773 0 $aVenturi, Adolfo <1856-1941>$tStoria dell'arte italiana.$dMilano : U. Hoepli, 1901-1940.$g3$w()11631 850 $aSeMil 852 $aSeMil$W1$xVenegono$y1$m5I XVI 18$j80821$B80821$CSeMilBibl$Z2$F83025 $8I 961 $aOmaggio: Ferrari Card. Carlo Andrea 996 $6245$aL'Arte Romanica$9(OLS)http://semarc/title/186434